000 00896cab a22002415a 4500
001 L154867
008 120124e20120121xxk 000 0 eng d
035 _a(Sirsi) u154867
041 0 _aeng
100 1 _aMorisson, Adrian
245 0 0 _aFocus
_bBedfordshire, Hertfordshire and Essex
260 _c2012
490 _aEstates Gazette
_v(1203) 21 January 2012, 67-79(9)
520 _aIncludes information on office markets; with 2012 set to be a tough year with only limited top grade space available and few occupiers set to move. Also features a profile of Lakeside Shopping Centre in Grays, Essex which its owner Capital Shopping Centres is looking to extend by 325 000 sq ft.
590 _aKA
651 4 _aBedfordshire
651 4 _aHertfordshire
651 4 _aEssex
690 _aCommercial property
_96227
700 1 _aSimmons, Mark
700 1 _aMeadwell, Stacey
942 _n0
999 _c83727
_d83727